Staré řecké báje a pověsti / Eduard Petiška ; [Barev.] il. Zdeněk Sklenář
Record details
- Physical Description: 245, [3] s. ; 4°
- Edition: 5. vyd. v Albatrosu, (v Klubu mladých čtenářů 2. vyd.)
- Publisher: Praha : Albatros, 1971
Content descriptions
| General Note: | Jmenný rejstřík sest. Alena Štědrá Frontispice Barev. il. předsádky 55000 výt. |
Search for related items by series
Available copies
- 1 of 1 copy available at Common Catalog SPOK.
Holds
- 0 current holds with 1 total copy.
Show Only Available Copies
| Location | Call Number / Copy Notes | Barcode | Shelving Location | Status | Due Date |
|---|---|---|---|---|---|
| KDS Library | 810 PeE | 204576801082 | Library | Available | - |
| LDR | 01361nam a22003491 4500 | ||
|---|---|---|---|
| 001 | 20748 | ||
| 003 | CZ-PrJAB | ||
| 005 | 20150709122435.0 | ||
| 008 | 970117s1971 xr cze | ||
| 015 | . | ‡acnb000433439 | |
| 035 | . | ‡a(CZ PrNK)bk197200721 | |
| 035 | . | ‡a(OCoLC)42186220 | |
| 040 | . | ‡aABA001 ‡bcze ‡cPNA001 ‡dABA001 | |
| 072 | 7. | ‡a25 ‡xNáboženství, mytologie, kulty ‡2Konspekt ‡95 | |
| 072 | 7. | ‡a0/9-053.2 ‡xLiteratura pro děti a mládež (naučná) ‡2Konspekt ‡926 | |
| 080 | . | ‡a885-93-34 :[398.2(38) :292.11 ‡2undef | |
| 100 | 1 | . | ‡aPetiška, Eduard, ‡d1924-1987 ‡7jk01092720 ‡4aut |
| 245 | 1 | 0. | ‡aStaré řecké báje a pověsti / ‡cEduard Petiška ; [Barev.] il. Zdeněk Sklenář |
| 250 | . | ‡a5. vyd. v Albatrosu, (v Klubu mladých čtenářů 2. vyd.) | |
| 260 | . | ‡aPraha : ‡bAlbatros, ‡c1971 ‡e(Liberec : ‡fSG 01) | |
| 300 | . | ‡a245, [3] s. ; ‡c4° | |
| 490 | 1 | . | ‡aPetiška, Eduard: Knihy pro děti a mládež ; ‡vSv. 6 |
| 490 | 1 | . | ‡aKlub mladých čtenářů. Výběrová řada |
| 500 | . | ‡aJmenný rejstřík sest. Alena Štědrá | |
| 500 | . | ‡aFrontispice | |
| 500 | . | ‡aBarev. il. předsádky | |
| 500 | . | ‡a55000 výt. | |
| 800 | 1 | . | ‡aPetiška, Eduard, ‡d1924-1987. ‡tKnihy pro děti a mládež (Albatros) |
| 830 | 0. | ‡aKlub mladých čtenářů (Albatros). ‡pVýběrová řada | |
| 910 | . | ‡aABE463 | |
| 964 | . | ‡aBáje řecké staré | |
| 964 | . | ‡aPověsti řecké staré | |
| 998 | . | ‡a000433439 | |
| 901 | . | ‡a20748 ‡b ‡c20748 ‡tbiblio | |